Nombra un Municipio de Galicia A-Z - Estadísticas

Estadísticas generales
  • Esta prueba ha sido intentada 824 veces
  • La puntuación promedio es 14 de 20
Estadísticas de respuestas
Letra País % Correcto
C Cabana de Bergantiños | Cabanas | Caldas de Reis | +48
99%
B Baiona | Baleira | Baltar | +25
91%
P Paderne | Paderne de Allariz | Padrenda | +34
89%
M Maceda | Malpica de Bergantiños | Mañón | +30
86%
O Oia | Oímbra | Oleiros | +8
86%
A Abadín | Abegondo | Agolada | +12
85%
L Lalín | A Lama | Láncara | +10
85%
F Fene | Ferrol | Fisterra | +7
83%
V Val do Dubra | O Valadouro | Valdoviño | +23
83%
S Sada | Salceda de Caselas | Salvaterra de Miño | +19
77%
N Narón | Navia de Suarna | Neda | +7
75%
R Rábade | Rairiz de Veiga | Ramirás | +15
69%
T Taboada | Taboadela | A Teixeira | +11
65%
G Gomesende | Gondomar | O Grove | +4
60%
X Xermade | Xinzo de Limia | Xove | +2
54%
D Dodro | Dozón | Dumbría
49%
E Entrimo | Esgos | A Estrada
47%
Z Zas
47%
I A Illa de Arousa | O Incio | O Irixo | Irixoa
46%
Q Quintela de Leirado | Quiroga
41%
No se encontraron pruebas coincidentes
Distribución de puntuación
Porcentaje de gente con cada puntuación
Porcentaje por número respondido
Historial de tus puntuaciones
No has intentado esta prueba.